Tutti gli Stati confinanti più estesi - Statistics

Statistiche generali
  • Questo quiz è stato fatto 6 volte
  • Il punteggio medio è 84 su 139
Statistiche sulle risposte
Nazione Nazione confinante più estesa % Corretto
Mali Algeria
100%
Libia Algeria
100%
Namibia Angola
100%
Giordania Arabia Saudita
100%
Thailandia Birmania
100%
Argentina Brasile
100%
Paraguay Brasile
100%
Suriname Brasile
100%
Uruguay Brasile
100%
Guinea Equatoriale Camerun
100%
Nepal Cina
100%
Ghana Costa d'Avorio
100%
Liberia Costa d'Avorio
100%
Italia Francia
100%
Paesi Bassi Germania
100%
Repubblica Ceca Germania
100%
Albania Grecia
100%
Nicaragua Honduras
100%
El Salvador Honduras
100%
Slovenia Italia
100%
Turkmenistan Kazakistan
100%
Algeria Libia
100%
Burkina Faso Niger
100%
Sudan del Sud Repubblica Democratica del Congo
100%
Ruanda Repubblica Democratica del Congo
100%
Kazakistan Russia
100%
Lettonia Russia
100%
Finlandia Russia
100%
Messico Stati Uniti
100%
Mozambico Sudafrica
100%
Eritrea Sudan
100%
Etiopia Sudan
100%
Malawi Tanzania
100%
Bulgaria Turchia
100%
Grecia Turchia
100%
Tunisia Algeria
83%
Yemen Arabia Saudita
83%
Brasile Argentina
83%
Liechtenstein Austria
83%
Guyana Brasile
83%
Stati Uniti Canada
83%
Bhutan Cina
83%
Palestina Egitto
83%
Somalia Etiopia
83%
Kenya Etiopia
83%
Svezia Finlandia
83%
Lussemburgo Francia
83%
Austria Germania
83%
Sudan Libia
83%
Senegal Mali
83%
Benin Niger
83%
Angola Repubblica Democratica del Congo
83%
Ucraina Russia
83%
Cina Russia
83%
Francia Spagna
83%
Romania Ucraina
83%
Arabia Saduita Yemen
83%
Pakistan Cina
67%
Panama Colombia
67%
Uzbekistan Kazakistan
67%
Tanzania Repubblica Democratica del Congo
67%
Burundi Repubblica Democratica del Congo
67%
Repubblica Centrafricana Repubblica Democratica del Congo
67%
Lituania Russia
67%
Montenegro Serbia
67%
Slovacchia Ucraina
67%
Ungheria Ucraina
67%
Marocco Algeria
33%
Mauritania Algeria
33%
Niger Algeria
33%
Oman Arabia Saudita
33%
Emirati Arabi Uniti Arabia Saudita
33%
Iraq Arabia Saudita
33%
Kuwait Arabia Saudita
33%
Cile Argentina
33%
Perù Brasile
33%
Colombia Brasile
33%
Bolivia Brasile
33%
Venezuela Brasile
33%
Togo Burkina Faso
33%
Gabon Camerun
33%
Camerun Ciad
33%
Nigeria Ciad
33%
India Cina
33%
Vietnam Cina
33%
Afghanistan Cina
33%
Russia Cina
33%
Tagikistan Cina
33%
Kirghizistan Cina
33%
Birmania Cina
33%
Laos Cina
33%
Israele Egitto
33%
Gibuti Etiopia
33%
Germania Francia
33%
Belgio Francia
33%
Svizzera Francia
33%
Andorra Francia
33%
Spagna Francia
33%
Macedonia del Nord Grecia
33%
Guinea Bissau Guinea
33%
Sierra Leone Guinea
33%
Bangladesh India
33%
Malaysia Indonesia
33%
Armenia Iran
33%
Turchia Iran
33%
Costa d’Avorio Mali
33%
Guinea Mali
33%
Guatemala Messico
33%
Belize Messico
33%
Repubblica Democratica del Congo Namibia
33%
Sudafrica Namibia
33%
Costa Rica Nicaragua
33%
Honduras Nicaragua
33%
Iran Pakistan
33%
Indonesia Papua Nuova Guinea
33%
Ecuador Perù
33%
Repubblica del Congo Repubblica Democratica del Congo
33%
Zambia Repubblica Democratica del Congo
33%
Uganda Repubblica Democratica del Congo
33%
Serbia Romania
33%
Bielorussia Russia
33%
Norvegia Russia
33%
Polonia Russia
33%
Corea del Nord Russia
33%
Azerbaigian Russia
33%
Georgia Russia
33%
Estonia Russia
33%
Mongolia Russia
33%
Bosnia ed Erzegovina Serbia
33%
Libano Siria
33%
eSwatini Sudafrica
33%
Zimbabwe Sudafrica
33%
Botswana Sudafrica
33%
Ciad Sudan
33%
Egitto Sudan
33%
Cambogia Thailandia
33%
Siria Turchia
33%
Moldavia Ucraina
33%
Croazia Ungheria
33%
Nessun quiz corrispondente trovato
Distribuzione punteggi
Percentuale di utenti per punteggio
Percentile per numero di risposta
I tuoi punteggi nel tempo
Non hai fatto questo quiz